000 00662nam a2200205 a 4500
001 000040327
005 20201002034048.0
008 130821s2005 mx 000 0 spa d
020 _a9703223923
040 _aDO-SdBNP
_bspa
_cBNPHU
100 1 _aGaribay, Ricardo
_966622
245 1 3 _aLa nueva amante /
_cRicardo Garibay ; viñetas de C. Alvarado Lang.
260 _aMéxico :
_bUniversidad Nacional Autónoma de México,
_c2005.
300 _a37 p. ;
_c22 cm.
490 1 _aLunes
_v26
533 _aFacsímil:
_bMéxico
_d1946
700 1 _aAlvarado Lang, C.
_966623
710 0 _aUniversidad Nacional Autónoma de México
_942447
830 0 _aLunes
_v25
_966616
999 _c39817
_d39817